000 00880nam a2200253 a 4500
001 000022958
005 20200930021908.0
008 101123s2001 sp a r 000 | spa d
020 _a847720537X
040 _aDO-SdBNP
_bspa
_cBNPHU
082 _axxx
_bW276f, 2001
100 1 _aWaring , Philippa
_947205
245 1 0 _aFeng Shui para Principiantes /
_cPhilippa Waring, traducción de Alicia Sánchez.
246 1 1 _aFeng Shui para Principiantes :
_bcomo lograr armonia, salud y felicidad Con la geomancia China
250 _a7a ed.
260 _aBarcelona :
_bObelisco,
_c2001.
300 _a158 p. :
_bil. ;
_c21 cm.
490 _aObelisco Salud;
500 _aIncluye bibliografía y índice temático
534 _aTítulo original :
_tThe way of feng shui
730 0 _aThe way of feng shui
_lespañol
_947206
700 _aSánchez, Alicia
_etr.
_947207
049 _aBNGR
999 _c22455
_d22455